| 000 | 00684nam a2200205 a 4500 | ||
|---|---|---|---|
| 001 | 000018902 | ||
| 003 | AM-YEHGA | ||
| 005 | 20250617120716.0 | ||
| 008 | 001016s1947 it ||||gr|||||||||0|arm|d | ||
| 040 | _aAM-YeHGA | ||
| 041 | 0 | _aarm | |
| 100 | 1 |
_aՔյուրդյան, Հարություն Գառնիկի, _d1901-1976 |
|
| 245 | 1 | 0 |
_aԳորգը հայոց մօտ / _cՅարութիւն Քիւրտեան. |
| 260 |
_aՍ.Ղազար : _bՄխիթարեան, _c1947. |
||
| 300 | _a160 էջ. | ||
| 650 | 1 | 4 | _aԳորգագործություն |
| 856 | 4 | 1 |
_uhttps://arar.sci.am/dlibra/publication/388630/edition/359490/content _yԿարդալ առցանց |
| 942 |
_2udc _cBK |
||
| 090 | _c6367 | ||
| 999 |
_c6323 _d6323 |
||